| 000 | 00402nam a2200193Ia 4500 | ||
|---|---|---|---|
| 100 | _aPeckol /James K. | ||
| 650 | _aEmbedded systems | ||
| 250 | _aWiley India | ||
| 020 | _a9.78813E+12 | ||
| 942 | _cRB | ||
| 366 | _f25 | ||
| 654 | _aembedded | ||
| 245 | _aEmbedded systems | ||
| 260 |
_bWiley _c2012 |
||
| 082 |
_a003.3/PEC _b22242 |
||
| 300 | _a810 | ||
| 546 |
_aENGLISH _cTTL |
||
| 999 |
_c22766 _d22766 |
||